Challenges and New Trends in Power Electronic Devices Reliability (Record no. 30589)

MARC details
000 -LEADER
fixed length control field 01388nam a2200133Ia 4500
008 - FIXED-LENGTH DATA ELEMENTS--GENERAL INFORMATION
fixed length control field 220620s9999||||xx |||||||||||||| ||und||
020 ## - INTERNATIONAL STANDARD BOOK NUMBER
International Standard Book Number 9783040000000
245 #0 - TITLE STATEMENT
Title Challenges and New Trends in Power Electronic Devices Reliability
546 ## - LANGUAGE NOTE
Language note English[eng]
650 ## - SUBJECT ADDED ENTRY--TOPICAL TERM
Topical term or geographic name entry element photovoltaic system||battery||DC-coupled configuration||AC-coupled configuration||mission profile||reliability||LED||thermal cycling test||accelerated test||solder joint||cracks||current harmonics||voltage harmonics||power electronic converters||cables||capacitors||PPS||high-power thyristors||reverse recovery currents||electromagnetic launching field||segmented LSTM||microgrid inverter||IGBT reliability||online evaluation||fusion algorithm||multi-chip IGBT module||bond wire||module transconductance||temperature calibration||failure monitoring||sensor lamp||low-light mode||high-light mode||AC motor drive||junction temperature||lifetime prediction||power MOSFET||loss modeling||SiC MOSFET||AlGaN/GaN HEMT||cascode structure||single event effects||technology computer-aided design simulation||heavy-ion irradiation experiment||photovoltaic systems||DC/AC converter||maintenance||power system faults||availability||condition monitoring||power device||power electronics||n/a
700 ## - ADDED ENTRY--PERSONAL NAME
Personal name Falco, Pasquale De||Chiodo, Elio||Di Noia, Luigi Pio
856 ## - ELECTRONIC LOCATION AND ACCESS
Uniform Resource Identifier <a href="https://mdpi.com/books/pdfview/book/3724">https://mdpi.com/books/pdfview/book/3724</a>
942 ## - ADDED ENTRY ELEMENTS (KOHA)
Koha item type E-Books
Holdings
Withdrawn status Lost status Damaged status Not for loan Home library Current library Date acquired Total Checkouts Date last seen Price effective from Koha item type
        Kerala University of Digital Sciences, Innovation and Technology Knowledge Centre Kerala University of Digital Sciences, Innovation and Technology Knowledge Centre 20/06/2022   20/06/2022 20/06/2022 E-Books